01317nam a2200373 i 45000010005000000030009000050050017000140080039000310150017000700400048000870460009001350800007001440800009001512450077001602500023002372600056002603000044003163800017003603880014003775040012003916580028004036550017004316500013004487000056004618560097005179420012006149990015006269520062006419520048007039520048007519520048007999520048008479520048008958482KOSZ 00520190827112944.0070916s1969 pl a g e 001 0 pol aPB 1969/8120 aWA NcKOSZ 005/IDdKOSZ 005/IDdKOSZ 005/HR k1969 a62 a(03)00aMała encyklopedia techniki /c[red. nacz. Adam Tadeusz Troskolański]. aWyd. 3 zm. i uzup. aWarszawa :bPaństwowe Wydawnictwo Naukowe,c1969. a1671 s., [19] k. tabl. :bil. ;c18 cm. aKsiążki. a1901-2000 aIndeks. aInżynieria i technika 4aEncyklopedia 4aTechnika aTroskolański, Adam Tadeuszd(1901-1982)eRedakcja uhttp://koha.tu.koszalin.pl/cgi-bin/koha/opac-detail.pl?biblionumber=8482yKatalog online BPK 2UKDcKS c8482d8482 00104071aELBUDbELBUDcbo5198p02222806t62 I.TwoyKS 00104070aBPKbBPKcwo5199p01428513yKS 00104070aBPKbBPKcwo9004p01591897yKS 00104070aBPKbBPKcwo9005p01774290yKS 00104070aBPKbBPKcwo9718p01777949yKS 00104070aBPKbBPKcwo9719p01154818yKS